Gaming Quiz

Random Gaming Quiz
Score 0/55 Timer 10:00
0 Plays Today
Mitsubishi Type % Correct
MitsubishiColt
62.7%
MitsubishiGalant GTO
32.2%
MitsubishiEclipse GT
30.5%
MitsubishiEclipse GT
30.5%
MitsubishiLancer 1600 GSR
28.8%
MitsubishiFTO GPX
28.8%
MitsubishiFTO GPX
28.8%
MitsubishiFTO GPX
28.8%
MitsubishiMirage Cyborg
27.1%
Mitsubishi3000GT VR-4
23.7%
Mitsubishi3000GT VR-4
23.7%
Mitsubishi3000GT VR-4
23.7%
MitsubishiLancer Evolution VI Rally Car
23.7%
MitsubishiHSR-II
22%
MitsubishiLancer Evolution IV Rally Car
22%
MitsubishiLancer Evolution IV GSR
20.3%
MitsubishiCZ-3 Tarmac
18.6%
MitsubishiFTO GR
16.9%
Mitsubishi3000GT MR
16.9%
MitsubishiFTO GR
16.9%
Mitsubishi3000GT MR
16.9%
MitsubishiLancer Evolution V GSR
16.9%
MitsubishiI Concept
16.9%
MitsubishiLancer Evolution III GSR
15.3%
MitsubishiLancer Evolution VI GSR
15.3%
MitsubishiLancer Evolution VIII GSR
15.3%
MitsubishiMirage 1400
13.6%
MitsubishiMinica
13.6%
Mitsubishi Type % Correct
MitsubishiLancer Evolution II GSR
13.6%
Mitsubishi3000GT SL
13.6%
Mitsubishi3000GT SL
13.6%
MitsubishiFTO GP Version R
13.6%
MitsubishiFTO Super Touring Car
13.6%
Mitsubishi3000GT SL
13.6%
MitsubishiLancer Evolution VI RS
13.6%
MitsubishiLancer Evolution VII GSR
13.6%
MitsubishiEclipse Spyder GTS
13.6%
MitsubishiLancer Evolution VIII MR GSR
13.6%
MitsubishiLancer Evolution I GSR
11.9%
MitsubishiLegnum VR-4
11.9%
MitsubishiLancer Evolution VII RS
11.9%
MitsubishiLancer Evolution VIII Rs
11.9%
MitsubishiLancer 1600 Rally Car
10.2%
MitsubishiPajero Rally Raid Car
10.2%
MitsubishiGalant 2.0
10.2%
MitsubishiAirtrek
8.5%
MitsubishiCZ-3 Tarmac Rally Car
8.5%
MitsubishiLancer Evolution Super Rally Car
8.5%
MitsubishiPajero Evolution Rally Raid Car
8.5%
MitsubishiStarion Rally Car
6.8%
MitsubishiLancer Evolution VII GT-A
6.8%
MitsubishiLancer 1800
3.4%
MitsubishiLancer Evolution VI GSR TME
3.4%
MitsubishiLancer Evolution VI RS TME
3.4%
MitsubishiFTP GP Version R
0%
Remove Ads.
Support Sporcle.
Get the best of Sporcle when you Go Orange. This ad-free experience offers more features, more stats, and more fun while also helping to support Sporcle. Thank you for becoming a member.

You're not logged in!

Compare scores with friends on all Sporcle quizzes.
OR
Log In

Show Comments

Extras

Created Nov 1, 2010ReportNominate
Tags:gran, Gran Turismo, turismo

Top Quizzes Today


Score Distribution

Your Account Isn't Verified!

In order to create a playlist on Sporcle, you need to verify the email address you used during registration. Go to your Sporcle Settings to finish the process.

Report this User

Report this user for behavior that violates our Community Guidelines.

Details: